| 000 | 02089nas0a22003371i 4500 | ||
|---|---|---|---|
| 001 | RU\NLR\DRGNLR\515 | ||
| 005 | 20240729012415.0 | ||
| 035 | _a(NLR Aleph) 010309085 | ||
| 090 |
_a10630698 _c10630698 |
||
| 100 | _a20080514b1917 u y0rusy50 ca | ||
| 101 | 0 | _arus | |
| 102 | _aRU | ||
| 110 | _acya|||||||| | ||
| 200 | 1 |
_aВестник Минского губернского комиссариата _fРед. Лагун |
|
| 210 |
_aМинск. _d1917, 9 марта - дек |
||
| 311 | _aИзд. вместо газ. "Минские губернские ведомости" (см. ) | ||
| 430 | 0 |
_12001#$aВестник Минского губернского комиссара _tВестник Минского губернского комиссара |
|
| 488 | 0 |
_1001RU\NLR\DRGNLR\2658 _12001#$aМинские губернские ведомости$eЧасть офиц.$fРед. Ю.Лагун _910637857 _cМинск. _d1838, 7 янв - 1917, [март] _fРед. Ю.Лагун _oЧасть офиц. _tМинские губернские ведомости |
|
| 540 | 1 | _aВестник Минского губернского комиссариата | |
| 702 | 1 |
_aЛагун _bЮ.И. _gЮльян Иванович _4340 |
|
| 801 | 0 |
_aRU _bNLR _c20080514 _gPSBO _2gzdor_isis |
|
| 801 | 2 |
_aRU _bNLR _c20080514 _gPSBO _2rusmarc |
|
| 852 |
_aNLR _jР2/229 |
||
| 942 | _cNEWSPAPER | ||
| 980 | _aDRG | ||